| 000 | 01013cam a2200301 a 4500 | ||
|---|---|---|---|
| 005 | 20260322212053.0 | ||
| 008 | data | ||
| 010 | _a 84022375 | ||
| 020 |
_a0156711427 (pbk.) : _c{dollar}5.95 |
||
| 020 |
_a9780156711425 (pbk.) : _c{dollar}5.95 |
||
| 040 |
_aDLC _cDLC _dDLC _dOCoLC _dDLC |
||
| 043 | _aa-ii--- | ||
| 050 | 0 | 0 |
_aPR6011.O58 _bP3 1984 |
| 082 | 0 | 0 |
_a823/.912 _219 |
| 100 | 1 |
_aForster, E. M. _d1879-1970. _q(Edward Morgan), |
|
| 245 | 1 | 2 |
_aA passage to India / _cE. M. Forster. |
| 260 |
_aSan Diego : _bHarcourt Brace Jovanovich, _cc1984. |
||
| 300 |
_a322 p. ; _c21 cm. |
||
| 500 | _a"A Harvest/HBJ book." | ||
| 650 | 0 |
_aRace relations _xFiction. |
|
| 650 | 0 |
_aBritish _zIndia _xFiction. |
|
| 651 | 0 |
_aIndia _xFiction. |
|
| 655 | 7 |
_aPolitical fiction. _2lcsh |
|
| 856 | 4 | 2 |
_3Publisher description _uhttp://www.loc.gov/catdir/description/har041/84022375.html |
| 906 |
_a7 _bcbc _corignew _d1 _eocip _f19 _gy-gencatlg |
||
| 991 |
_bc-GenColl _hPR6011.O58 _iP3 1984 _p00004264459 _tCopy 1 _wBOOKS |
||
| 001 | data | ||
| 999 |
_c1260 _d1260 |
||